Pilgrimage of eternity (Record no. 13285)

MARC details
000 -LEADER
fixed length control field 00204nam a22001097a 4500
082 ## - DEWEY DECIMAL CLASSIFICATION NUMBER
Classification number AHM
100 ## - MAIN ENTRY--AUTHOR NAME
Personal name Ahmed
245 ## - TITLE STATEMENT
Title Pilgrimage of eternity
260 ## - PUBLICATION, DISTRIBUTION, ETC. (IMPRINT)
Place of publication Lahore
Year of publication 1977
300 ## - PHYSICAL DESCRIPTION
Number of Pages 187
942 ## - ADDED ENTRY ELEMENTS (KOHA)
Koha item type Books
Holdings
Withdrawn status Lost status Collection code Home library Current library Date acquired Cost, normal purchase price Full call number Accession Number Koha item type
    Reference Reference Section Reference Section 22/04/2015 25.00 AHM (Shelf - 16A) 9522 Books